Parliamentary control over administration in India: (Record no. 208789)

MARC details
000 -LEADER
fixed length control field 00653nam a22001937a 4500
005 - DATE AND TIME OF LATEST TRANSACTION
control field 20250127113838.0
010 ## - LCCN (DPL NO)
LC control number ENG-143601
020 ## - INTERNATIONAL STANDARD BOOK NUMBER
International Standard Book Number 9788178312248
Terms of availability 350.00
035 ## - SYSTEM CONTROL NUMBER
System control number EN-127133
037 ## - SOURCE OF ACQUISITION
Source of stock number/acquisition DBAD
082 ## - DEWEY DECIMAL CLASSIFICATION NUMBER
Classification number 328.54
100 ## - MAIN ENTRY--PERSONAL NAME
Personal name Nalindi Kumari
245 ## - TITLE STATEMENT
Title Parliamentary control over administration in India:
Remainder of title with reference to the role of DRSCs/
Statement of responsibility, etc by Nalindi Kumari
260 ## - PUBLICATION, DISTRIBUTION, ETC. (IMPRINT)
Place of publication, distribution, etc New Delhi
Name of publisher, distributor, etc Manak Publications Pvt Ltd.
Date of publication, distribution, etc 2010
270 ## - ADDRESS
Address B-7, Saraswati Complex, Subhash Chowk, Laxmi Nagar
City New Delhi
Postal code 110092
300 ## - PHYSICAL DESCRIPTION
Extent 209p.
Dimensions 22cm(Hb)
500 ## - GENERAL NOTE
General note Includes index
942 ## - ADDED ENTRY ELEMENTS (KOHA)
Source of classification or shelving scheme Dewey Decimal Classification
Item type English Books
Call number suffix NAL
Classification part 328.54
Holdings
Withdrawn status Lost status Not for loan Collection code Home library Current library Date acquired Source of acquisition Cost, normal purchase price Full call number Barcode Copy number Cost, replacement price Koha item type
      Non-fiction Vinoba Puri Vinoba Puri 27/01/2025 Delivery of Books Act Division 350.00 NAL 328.54 EN-127133 1 350.00 English Books

© Delhi Public Library
Hit Counter
free hit counter